<?xml version="1.0" encoding="UTF-8"?>
<marc:record xmlns:marc="http://www.loc.gov/MARC21/slim">
   <marc:leader>00000nam a2200000 a 4500</marc:leader>
   <marc:datafield ind1="1" ind2=" " tag="100">
      <marc:subfield code="a">Lea, Martha</marc:subfield>
      <marc:subfield code="4">aut</marc:subfield>
      <marc:subfield code="e">Verfasser/-in</marc:subfield>
   </marc:datafield>
   <marc:datafield ind1="0" ind2="0" tag="245">
      <marc:subfield code="a">Die Entdeckungen der Gwen Carrick</marc:subfield>
   </marc:datafield>
   <marc:datafield ind1="0" ind2="0" tag="245">
      <marc:subfield code="b">Roman</marc:subfield>
   </marc:datafield>
   <marc:datafield ind1="0" ind2="0" tag="245">
      <marc:subfield code="c">Martha Lea. Aus dem Engl. von Sabine Thiele</marc:subfield>
   </marc:datafield>
   <marc:datafield ind1=" " ind2="1" tag="264">
      <marc:subfield code="a">München</marc:subfield>
      <marc:subfield code="b">Droemer</marc:subfield>
      <marc:subfield code="c">2015</marc:subfield>
   </marc:datafield>
   <marc:datafield ind1="1" ind2=" " tag="520">
      <marc:subfield code="a">Angaben aus der Verlagsmeldung

Die Entdeckungen der Gwen Carrick : Roman The Specimen / von Martha Lea

Cornwall, 1859. Gwen Carrick ist eine ungewöhnliche Frau. Statt sich für häusliche Dinge zu begeistern, liebt sie die Naturwissenschaften. Da ihr der Zugang zur Universität verwehrt ist, zeichnet und malt sie die Insekten ihrer Heimat. Bei einem ihrer Ausflüge lernt sie den Arzt Edward Scales kennen und verliebt sich sofort in ihn. Denn Edward verspricht ihr Freiheit, Selbstbestimmung und Anerkennung als Wissenschaftlerin. Und so lässt sie sich auf eine gewagte Reise zur Erforschung der Insekten im Amazonas-Becken ein, nicht ahnend, dass Edward ein Geheimnis verbirgt, das alles zerstören könnte.
</marc:subfield>
   </marc:datafield>
   <marc:datafield ind1=" " ind2=" " tag="020">
      <marc:subfield code="a">9783426199848</marc:subfield>
      <marc:subfield code="9">9783426199848</marc:subfield>
   </marc:datafield>
   <marc:datafield ind1=" " ind2=" " tag="020">
      <marc:subfield code="a">342619984X</marc:subfield>
      <marc:subfield code="9">342619984X</marc:subfield>
   </marc:datafield>
   <marc:datafield ind1=" " ind2=" " tag="041">
      <marc:subfield code="a">ger</marc:subfield>
   </marc:datafield>
   <marc:datafield ind1=" " ind2=" " tag="300">
      <marc:subfield code="a">407 S.</marc:subfield>
   </marc:datafield>
</marc:record>
